| 000 | 00874nam a2200229 a 4500 | ||
|---|---|---|---|
| 001 | 68948 | ||
| 003 | BD-RjUL | ||
| 005 | 20211209081831.0 | ||
| 008 | 170408s1956 ii ||||| |||| 00| 0 ben d | ||
| 020 | _c0.50 | ||
| 035 | _a(BD-RjUL)69159 | ||
| 040 |
_aBD-RjUL _bben _cBD-RjUL |
||
| 041 | _aben | ||
| 082 |
_223 _a509.54 _bMAP 1956 |
||
| 100 |
_aমজুমদার, রমেশচন্দ্র _9204293 |
||
| 245 | 1 | 0 |
_aপ্রাচীন ভারতে বিজ্ঞানচর্চা / _cরমেশচন্দ্র মজুমদার |
| 260 |
_aকলিকাতা : _bবিশ্বভারতী গ্রন্থালয়, _c১৯৫৬ |
||
| 300 |
_a৫৩ পৃ. _c১৫ সে. মি. |
||
| 650 |
_aবিজ্ঞান _zভারত _9204294 _xইতিহাস |
||
| 650 |
_aScience _9204295 _zIndia _xHistory. |
||
| 942 |
_2ddc _cBK |
||
| 999 |
_c68948 _d68948 |
||